000 01763nam a2200337 i 4500
003 EG-GICUC
005 20260121101207.0
008 251111s1986 ua ||||f |||| 00| 0 ara d
017 _a86/1824
040 _a EG-GICUC
_bara
_c EG-GICUC
_d EG-GICUC
_erda
041 _aara
082 0 4 _221
_a345
_bم ص . و
092 0 4 _221
099 _alaw1 07 345 م ص . و 1 ed- 1986
100 0 _aمصطفي محمود عفيفي
_eمؤلف.
245 _aالوسيط في مبادئ القانون الإداري المصري و المقارن :
_bدارسة نظرية و تطبيقية مقارنة في تنظيم و نشاط الأدارة العامة /
_cدكتور مصطفي محمود عفيفي .
_nالكتاب الأول .
250 _aالطبعة الاولي
264 _aالإسكندرية :
_bشركة سعيد رأفت للطباعة ,
_c1986.
300 _a495 صفحة
_c24 سم
_bإيضاحيات، صور، مثيليات ؛
336 _2rda content
_atext
337 _2rda media
_aComputer
338 _2rda carrier
_aOnline Resource
504 _a. 477-471ببليوجرافيا: صفحات.
505 _aالنظرية العامة للنظيم الادارى أصول القانون الادارى - الاشخاص الادارية العامة - المركزية واللامركزية الادارية - المرافق العامة التقليدية والمعاصرة - التنظيم الادارى فى مصر
546 _aالنص أغلبه باللغة العربية بعض النصوص الإنجليزية والفرنسية
650 1 _aالقانون الإداري
_2qrmak
651 1 _2qrmak
856 4 0 _uhttps://fll.law.cu.edu.eg/fulltext/bks/B07-00827.pdf
905 _a74
942 _2ddc
_n0
_cBK
_e21
999 _c42413
_d42413